La negación de los derechos de los niños en Platón y Aristóteles
Saved in:
| Main Author: | |
|---|---|
| Format: | Book |
| Language: | Spanish |
| Published: |
Madrid
Dykinson
2006
|
| Series: | Cuadernos Bartolomé de las Casas, 41
|
| Subjects: | |
| Tags: |
Add Tag
No Tags, Be the first to tag this record!
|
MARC
| LEADER | 00000nam a2200000 a 4500 | ||
|---|---|---|---|
| 001 | UCI6134 | ||
| 003 | CL-VaPUC | ||
| 008 | 080418e20060000SP |||||||||||||||||spa|d | ||
| 020 | |a 8497709544 | ||
| 082 | 0 | 4 | |a 346.017 |b CAM |2 21 |
| 100 | 0 | |a Campoy Cervera, Ignacio |e author |9 528893 | |
| 245 | 1 | 3 | |a La negación de los derechos de los niños en Platón y Aristóteles |
| 300 | |a 137 p | ||
| 942 | |c BK | ||
| 945 | |d 20080418 00:00:00 |a jtorresc | ||
| 260 | |a Madrid |b Dykinson |c 2006 | ||
| 600 | 0 | 7 | |a PLATON |2 CL-VaPUC |9 222 |
| 600 | 0 | |a Aristóteles, |d 384 a.C.- 322 a.C. |9 194 | |
| 650 | 0 | |a Relación padres e hijos |9 458139 | |
| 650 | 0 | |a Padres e hijos |9 307753 | |
| 650 | 7 | |a ROL PATERNO |2 CL-VaPUC |9 528894 | |
| 650 | 0 | |a Vida familiar |9 308049 | |
| 650 | 0 | |a Derechos del niño |9 258728 | |
| 583 | |a last modification |c 20080418 00:00:00 |k Rodrigo Vera | ||
| 490 | 0 | |a Cuadernos Bartolomé de las Casas, 41 | |
| 999 | |c 329721 |d 329719 | ||
| 952 | |0 0 |1 0 |4 0 |6 346_017000000000000_CAM_2006 |7 0 |8 A |9 414744 |a BIBDER |b BIBDER |d 2019-11-22 |i 4430727 |o 346.017 CAM 2006 |p 4430727 |r 2023-01-25 |w 2019-11-22 |y BK |k DER | ||